LEADER 00998nam0 2200265 i 450 001 SUN0075771 005 20100617120000.0 100 $a20100617d1991 |0itac50 ba 101 $aita 102 $aIT 105 $a|||| ||||| 200 1 $aFormazione e riclassificazione dei bilanci d'esercizio$fMario Sica 210 $aTorino$cGiappichelli$d1991 215 $a195 p.$d24 cm. 606 $aBilancio$2FI$3SUNC005252 620 $dTorino$3SUNL000001 676 $a657.32$v21 700 1$aSica$b, Mario$3SUNV065962$0105485 712 $aGiappichelli$3SUNV000045$4650 801 $aIT$bSOL$c20181109$gRICA 912 $aSUN0075771 950 $aUFFICIO DI BIBLIOTECA DEL DIPARTIMENTO DI ECONOMIA$d03 PREST IIBg17 $e03 318 995 $aUFFICIO DI BIBLIOTECA DEL DIPARTIMENTO DI ECONOMIA$bIT-CE0106$h318$kPREST IIBg17$op$qa 996 $aFormazione e riclassificazione dei bilanci d'esercizio$91420101 997 $aUNICAMPANIA LEADER 02112nam0 22003131i 450 001 UON00315507 005 20231205104115.739 100 $a20080918d1957 |0itac50 ba 101 $apor 102 $aPT 105 $a|||| 1|||| 200 1 $aViagens do Reino para a ïndia e da ïndia para o Reino, 1608-1612$ediários de navegaçao coligidos por Antonio de Ataide no século XVII$fintroduçao e notas do Humberto Leitao 210 $aLisboa$cAgencia geral do Ultramar$d1957 215 $a3 v.$cill$d26 cm$e1 c. geogr. ripieg. 606 $aPortogallo$xDescrizioni e viaggi$xSec. 17.$3UONC069474$2FI 620 $aPT$dLisboa$3UONL003135 700 1$aATAIDE$bAntonio : de$3UONV180161$0697919 702 1$aLEITAO$bHumberto$3UONV035090 712 $aAgência Geral do Ultramar$3UONV266446$4650 801 $aIT$bSOL$c20260227$gRICA 912 $aUON00315507 950 $aSIBA - SISTEMA BIBLIOTECARIO DI ATENEO E ARCHIVIO STORICO$dSI Port IX 030 a bis $eSI SP 1200 5 030 a bis 950 $aSIBA - SISTEMA BIBLIOTECARIO DI ATENEO E ARCHIVIO STORICO$dSI Port IX 030 b $eSI LO 71761 7 030 b 950 $aSIBA - SISTEMA BIBLIOTECARIO DI ATENEO E ARCHIVIO STORICO$dSI Port IX 030 c $eSI LO 71762 5 030 c 950 $aSIBA - SISTEMA BIBLIOTECARIO DI ATENEO E ARCHIVIO STORICO$dSI Port IX 030 b bis $eSI LO 71767 5 030 b bis 950 $aSIBA - SISTEMA BIBLIOTECARIO DI ATENEO E ARCHIVIO STORICO$dSI Port IX 030 c bis $eSI LO 71768 5 030 c bis 950 $aSIBA - SISTEMA BIBLIOTECARIO DI ATENEO E ARCHIVIO STORICO$dSI Port IX 030 a $eSI MR 67323 5 030 a 996 $aViagens do Reino para a ïndia e da ïndia para o Reino, 1608-1612$91373951 997 $aUNIOR